| 000 | 01287cam a2200301 a 4500 | ||
|---|---|---|---|
| 999 |
_c17456 _d17456 |
||
| 001 | 14586132 | ||
| 003 | OSt | ||
| 005 | 20161126110844.0 | ||
| 008 | 061006s2006 nyuaf b 001 0 eng | ||
| 010 | _a 2006046917 | ||
| 020 | _a0773457798 | ||
| 020 | _a9780773457799 | ||
| 035 | _a(OCoLC)ocm72988988 | ||
| 035 | _a(OCoLC)72988988 | ||
| 040 |
_aDLC _cDLC _dYDX _dBAKER _dDLC |
||
| 050 | 0 | 0 |
_aNX175 _b.G74 2006 |
| 082 | 0 | 0 |
_a700.9 _222 |
| 100 | 1 | _aGreene, David B. | |
| 245 | 1 | 0 |
_aHow to respond to strangeness in art : _bfour studies in the unfamiliar / _cDavid B. Greene. |
| 260 |
_aLewiston, N.Y. : _bEdwin Mellen Press, _cc2006. |
||
| 300 |
_aiv, 156 p., [36] p. of plates : _bill. (some col.) ; _c24 cm. |
||
| 504 | _aIncludes bibliographical references (p. 149-151) and index. | ||
| 650 | 0 |
_aArts _vCross-cultural studies. |
|
| 650 | 0 |
_aMulticulturalism in art _vCase studies. |
|
| 856 | 4 | 1 |
_3Table of contents only _uhttp://www.loc.gov/catdir/toc/fy0704/2006046917.html |
| 906 |
_a7 _bcbc _corignew _d1 _eocip _f20 _gy-gencatlg |
||
| 942 |
_2lcc _cBOOKS _hNX 175 .G74 2006 |
||